The vachanamrut: (Record no. 160524)

MARC details
000 -LEADER
fixed length control field 00524nam a22001697a 4500
005 - DATE AND TIME OF LATEST TRANSACTION
control field 20190204112819.0
010 ## - LCCN (DPL NO)
LC control number ENG-124722
020 ## - INTERNATIONAL STANDARD BOOK NUMBER
International Standard Book Number 8175263202
Terms of availability 250.00
035 ## - SYSTEM CONTROL NUMBER
System control number EN-108254
037 ## - SOURCE OF ACQUISITION
Source of stock number/acquisition DBAD/PUB.
082 ## - DEWEY DECIMAL CLASSIFICATION NUMBER
Classification number 230.51
245 ## - TITLE STATEMENT
Title The vachanamrut:
Remainder of title spiritual discourses of bhagwan swaminarayan/
Statement of responsibility, etc complied by
260 ## - PUBLICATION, DISTRIBUTION, ETC. (IMPRINT)
Place of publication, distribution, etc Amdavad
Name of publisher, distributor, etc Swaminarayan Aksharpith
Date of publication, distribution, etc 2006
270 ## - ADDRESS
Address Shahibaug, Amdavad
City Amdavad
Postal code 380004
300 ## - PHYSICAL DESCRIPTION
Extent xxxvii,765p.
Dimensions 22cm(Hb)
942 ## - ADDED ENTRY ELEMENTS (KOHA)
Source of classification or shelving scheme Dewey Decimal Classification
Item type English Books
Edition 1
Classification part 230.51
Call number suffix VAC
Holdings
Withdrawn status Lost status Not for loan Collection code Home library Current library Date acquired Source of acquisition Cost, normal purchase price Full call number Barcode Copy number Cost, replacement price Koha item type
    Not For Loan Non-fiction D.B.Act.Division Patel Nagar 02/02/2019 DBAD/PUB 250.00 230.51 VAC EN-108254 1 250.00 English Books

© Delhi Public Library
Hit Counter
free hit counter